01390nam a2200349Ia 4500001001200000003000800012006001900020007001500039008004100054010001700095020001500112040002100127035002100148050002400169082001800193100003000211245013500241260004300376300001600419490003000435504005100465533015200516630004100668650003300709651003100742655002900773700002900802710001700831830004900848856012600897999001701023ebr10132041CaPaEBRm u cr cn|||||||||051121s2006 dcu sb 001 0 eng d z 2005058107 z0821364448 aCaPaEBRcCaPaEBR a(OCoLC)56013901614aHF1782b.J37 2006eb04a382/.91722221 aJaramillo, Carlos Felipe.10aChallenges of CAFTAh[electronic resource] :bmaximizing the benefits for Central America /cC. Felipe Jaramillo, Daniel Lederman. aWashington, D.C. :bWorld Bank,c2006. axxv, 289 p.1 aDirections in development aIncludes bibliographical references and index. aElectronic reproduction.bPalo Alto, Calif. :cebrary,d2009.nAvailable via World Wide Web.nAccess may be limited to ebrary affiliated libraries.00aCAFTA (Free trade agreement)d(2005) 0aFree tradezCentral America. 0aCentral AmericaxCommerce. 7aElectronic books.2local1 aLederman, Daniel,d1968-2 aebrary, Inc. 0aDirections in development (Washington, D.C.)40uhttp://site.ebrary.com/lib/rucke/Doc?id=10132041zAn electronic book accessible through the World Wide Web; click to view c80534d80534